UBT Library

Social movements and political power : (Record no. 44599)

000 -LEADER
fixed length control field 00731pam a2200253 a 4500
001 - CONTROL NUMBER
control field 987909
005 - DATE AND TIME OF LATEST TRANSACTION
control field 20180309075140.0
008 - FIXED-LENGTH DATA ELEMENTS--GENERAL INFORMATION
fixed length control field 860527s1986 pau b 001 0 eng
010 ## - LIBRARY OF CONGRESS CONTROL NUMBER
LC control number 86006045
020 ## - INTERNATIONAL STANDARD BOOK NUMBER
International Standard Book Number 0877224471 (alk. paper) :
Terms of availability $29.95 (est.)
040 ## - CATALOGING SOURCE
Original cataloging agency DLC
Transcribing agency DLC
Modifying agency DLC
041 ## - LANGUAGE CODE
Language code of text/sound track or separate title eng
043 ## - GEOGRAPHIC AREA CODE
Geographic area code ew-----
-- n-us---
080 ## - UNIVERSAL DECIMAL CLASSIFICATION NUMBER
Universal Decimal Classification number 303.484 BOG
082 00 - DEWEY DECIMAL CLASSIFICATION NUMBER
Classification number 303.484 BOG
Edition number 19
100 1# - Rafti
Rafti 20
101 ## - Shkurtesa
Shkurtesa SOC
245 10 - TITLE STATEMENT
Title Social movements and political power :
Statement of responsibility, etc Carl Boggs.
504 ## - BIBLIOGRAPHY, ETC. NOTE
Bibliography, etc Bibliography: p. [252]-279.
906 ## - LOCAL DATA ELEMENT F, LDF (RLIN)
a 7
b cbc
c orignew
d 1
e ocip
f 19
g y-gencatlg
942 ## - ADDED ENTRY ELEMENTS (KOHA)
Source of classification or shelving scheme
Item type Books
Holdings
Withdrawn status Lost status Source of classification or shelving scheme Damaged status Not for loan Collection code Permanent location Current location Shelving location Date acquired Total Checkouts Full call number Barcode Date last seen Price effective from Koha item type
          Koleksioni i përgjithshem UBT - Lipjan UBT - Lipjan Koleksioni i përgjithshem 03/09/2018   303.484 BOG 002-3001476 03/09/2018 03/09/2018 Books
UBT Library © 2015-2024. All rights reserved University Education for Business and Technology